Countries by Number of F1 World Championshipsle - Statistics

General Stats
  • This quiz has been taken 7 times
  • The average score is 14 of 15
Answer Stats
Rank Country Titles % Correct
4. Argentina 5
100%
5. Australia 4
100%
3. Brazil 8
100%
13. Canada 1
100%
5. France 4
100%
2. Germany 12
100%
10. Italy 3
100%
5. Netherlands 4
100%
11. Spain 2
100%
1. United Kingdom 21
100%
11. United States 2
100%
5. Finland 4
80%
13. New Zealand 1
80%
5. Austria 4
60%
13. South Africa 1
60%
No matching quizzes found
Score Distribution
Percent of People with Each Score
Percentile by Number Answered
Your Score History
You have not taken this quiz